Кукрыниксы об искусстве : шаржи, карикатуры: альбом

Bibliografische gegevens
Andere auteurs: Герценберг В. Р. (составитель), Кеменов В. С. (автор предисловия)
Taal:Russisch
Gepubliceerd in: Москва, Изобразительное искусство, 1981
Onderwerpen:
Formaat: Boek
KOHA link:https://koha.lib.tpu.ru/cgi-bin/koha/opac-detail.pl?biblionumber=298491

MARC

LEADER 00000nam0a2200000 4500
001 298491
005 20231102001117.0
035 |a (RuTPU)RU\TPU\book\323634 
090 |a 298491 
100 |a 20150618d1981 km y0rusy50 ca 
101 0 |a rus 
102 |a RU 
105 |a a z 001cy 
200 1 |a Кукрыниксы об искусстве : шаржи, карикатуры  |e альбом  |f сост. В. Р. Герценберг ; авт. предисл. В. С. Кеменов 
210 |a Москва  |c Изобразительное искусство  |d 1981 
215 |a 123 с.  |c в основном ил. 
320 |a Вступительная статья: с. 3-32 
320 |a Список репродукций: с. 114-116 
600 0 |a Кукрыниксы  |c коллективный псевдоним художников (Куприянов М. В., Крылов П. Н., Соколов Н. А.)  |2 stltpush  |3 (RuTPU)RU\TPU\pers\13433  |9 4087 
600 1 |a Крылов  |b П. Н.  |g Порфирий Никитич  |c российский график  |c живописец  |c псевдоним - Кукрыниксы (Куприянов М. В., Крылов П. Н., Соколов Н. А.)  |f 1902-1990  |2 stltpush  |3 (RuTPU)RU\TPU\pers\12296 
600 1 |a Куприянов  |b М. В.  |c российский график  |c живописец  |f 1903-1991  |g Михаил Васильевич  |c псевдоним - Кукрыниксы (Куприянов М. В., Крылов П. Н., Соколов Н. А.)  |2 stltpush  |3 (RuTPU)RU\TPU\pers\12969 
600 1 |a Соколов  |b Н. А.  |g Николай Александрович  |c российский график  |c живописец  |c псевдоним - Кукрыниксы (Куприянов М. В., Крылов П. Н., Соколов Н. А.)  |f 1903-2000  |2 stltpush  |3 (RuTPU)RU\TPU\pers\12297 
606 1 |a Кукрыниксы  |2 stltpush  |3 (RuTPU)RU\TPU\subj\16699  |9 42643 
610 1 |a альбомы 
610 1 |a репродукции 
610 1 |a шаржи 
610 1 |a карикатуры 
610 1 |a искусство 
610 1 |a графика 
610 1 |a живопись 
610 1 |a 20 век 
675 |a 741  |v 4 
702 1 |a Герценберг  |b В. Р.  |4 220 
702 1 |a Кеменов  |b В. С.  |4 080 
801 1 |a RU  |b 63413507  |c 20150618 
801 2 |a RU  |b 63413507  |c 20230621  |g RCR 
942 |c BK